绝交 / (Record no. 10103)

MARC details
000 -LEADER
fixed length control field 00943nam a22001937a 4500
001 - CONTROL NUMBER
control field 10103
003 - CONTROL NUMBER IDENTIFIER
control field FISKH
005 - DATE AND TIME OF LATEST TRANSACTION
control field 20260408124042.0
008 - FIXED-LENGTH DATA ELEMENTS--GENERAL INFORMATION
fixed length control field 260408b cb ||||| |||| 00| 0 eng d
020 ## - INTERNATIONAL STANDARD BOOK NUMBER
International Standard Book Number 9787802467910
040 ## - CATALOGING SOURCE
Original cataloging agency FISKH
Language of cataloging chi
Transcribing agency FISKH
Modifying agency FISKH
082 ## - DEWEY DECIMAL CLASSIFICATION NUMBER
Classification number 895.6
100 ## - MAIN ENTRY--PERSONAL NAME
Personal name 两色风景
245 ## - TITLE STATEMENT
Title 绝交 /
Statement of responsibility, etc. By 两色风景
300 ## - PHYSICAL DESCRIPTION
Extent 32 unnumbered pages :
Other physical details color illustrations ;
Dimensions 25 cm .
520 ## - SUMMARY, ETC.
Summary, etc. 《绝交》是一本面向低幼儿童的图画书,通过生动的故事和插图讲述了小朋友之间因误会或争吵而产生矛盾、甚至“绝交”的经历。故事围绕两个角色展开,他们在经历误会和冲突后,通过沟通与理解重新建立友谊。绘本强调友情的珍贵、理解与包容的重要性,并通过温暖的画面和简洁的文字,帮助孩子学会处理人际关系、理解他人感受和珍惜友谊。
942 ## - ADDED ENTRY ELEMENTS (KOHA)
Source of classification or shelving scheme Dewey Decimal Classification
Koha item type Chinese Book
Suppress in OPAC No
Holdings
Withdrawn status Lost status Source of classification or shelving scheme Damaged status Not for loan Collection Home library Current library Shelving location Date acquired Total Checkouts Full call number Barcode Date last seen Price effective from Koha item type
    Dewey Decimal Classification     Reference Footprints International School Library Network Toul Tom Poung Campus Footprints International School Library Network Toul Tom Poung Campus Librarian's Shelf TTP 04/08/2026   两色风景 895.6 2026-0475 04/08/2026 04/08/2026 Chinese Book